000 00369 a2200169 4500
001 13783
020 _a9788526267527
040 _cAnchieta - Aquarius
100 _aGuasco, Luiz
240 1 0 _a=Teseu e o Minotauro
_lpor
245 1 0 _a=Teseu e o Minotauro
300 _a40
362 0 _a2007
440 1 _aScipione
650 4 _aLiteratura brasileira
942 _cBK
999 _c13783
_d13783